| 000 | 00544nam a2200181 a 4500 | ||
|---|---|---|---|
| 001 | 000016139 | ||
| 003 | DO-SdBNP | ||
| 005 | 20250625123128.0 | ||
| 008 | 100226s1974 dr r 000 0 spa d | ||
| 040 |
_aDO-SdBNP _bspa _cBNPHU |
||
| 082 |
_axxxx _bC422d |
||
| 100 | 1 |
_aCestero, Mariano Antonio _936131 |
|
| 245 | 1 | 0 |
_aDescentralización i personalismo / _cMariano Antonio Cestero. |
| 260 |
_aSanto Domingo : _bPublicaciones de la Secretaría de Educación, _c1974. |
||
| 300 |
_a103 p. ; _c23 cm. |
||
| 490 | 0 | _aEnriquillo | |
| 942 |
_2ddc _cLBS1 |
||
| 999 |
_c15679 _d15679 |
||